ბათუმის შოთა რუსთაველის სახელმწიფო უნივერსიტეტის ბიბლიოთეკა

Currents in Literature. British volume (ბიბ.ჩანაწერი № 50521)

000 -LEADER
fixed length control field 00571nam a2200229Ia 4500
001 - CONTROL NUMBER
control field 17470
003 - CONTROL NUMBER IDENTIFIER
control field GE_BSU
008 - FIXED-LENGTH DATA ELEMENTS--GENERAL INFORMATION
fixed length control field 181216s||||||||xx |||||||||||||| ||und||
020 ## - INTERNATIONAL STANDARD BOOK NUMBER
International Standard Book Number 9781567651454
040 ## - CATALOGING SOURCE
Transcribing agency GE_BSU
080 ## - UNIVERSAL DECIMAL CLASSIFICATION NUMBER
Universal Decimal Classification number 811.111
100 ## - MAIN ENTRY--PERSONAL NAME
Personal name Lerine,Harold
245 ## - TITLE STATEMENT
Title Currents in Literature. British volume
245 ## - TITLE STATEMENT
Remainder of title Integrated english language arts
260 ## - PUBLICATION, DISTRIBUTION, ETC.
Place of publication, distribution, etc. New York
260 ## - PUBLICATION, DISTRIBUTION, ETC.
Date of publication, distribution, etc. 2007
300 ## - PHYSICAL DESCRIPTION
Extent 283p.
653 ## - INDEX TERM--UNCONTROLLED
Uncontrolled term Currents in Literature. British volume
653 ## - INDEX TERM--UNCONTROLLED
Uncontrolled term Integrated english language arts
942 ## - ADDED ENTRY ELEMENTS (KOHA)
Koha item type წიგნი
ეგზემპლარები
Withdrawn status Lost status Damaged status Not for loan Date acquired Barcode Date last seen Price effective from Koha item type
        2018-12-17 1420 2018-12-17 2018-12-17 წიგნი